Introductory Economics. (Record no. 387)

MARC details
005 - DATE AND TIME OF LATEST TRANSACTION
control field 20250620150309.0
020 ## - INTERNATIONAL STANDARD BOOK NUMBER
International Standard Book Number 0-669-09119-7
082 ## - DEWEY DECIMAL CLASSIFICATION NUMBER
Classification number 330 GOR
100 ## - MAIN ENTRY--PERSONAL NAME
Author name GORDON, S. D.
245 ## - TITLE STATEMENT
Title Introductory Economics.
250 ## - EDITION STATEMENT
Edition statement 6th Ed.
260 ## - PUBLICATION, DISTRIBUTION, ETC.
Place of publication, distribution, etc. Toronto,
Name of publisher, distributor, etc. D.C. Health and Company,
Date of publication, distribution, etc. 1987.
300 ## - PHYSICAL DESCRIPTION
Extent xviii,490p.: ill.; figure, table, picture.
Other physical details Glossary & Index
Dimensions 23cm
700 ## - ADDED ENTRY--PERSONAL NAME
Other authors/Editors DAWSON, G. G.
942 ## - ADDED ENTRY ELEMENTS (KOHA)
Source of classification or shelving scheme Dewey Decimal Classification
Koha item type Books
Holdings
Date last seen Total checkouts Full call number Barcode Cost, replacement price Price effective from Koha item type Lost status Source of classification or shelving scheme Damaged status Not for loan Withdrawn status Home library Current library Shelving location Date acquired Cost, normal purchase price
06/28/2025   330 GOR DOM0002711 45000.00 06/28/2025 Books   Dewey Decimal Classification       CBE Dodoma CBE Dodoma General Collection 03/05/1995 15000.00
03/11/2025   330 GOR 0000001279 90000.00 03/11/2025 Books   Dewey Decimal Classification       College of Business Education Main Library College of Business Education Main Library General Collection 03/11/2025 30000.00